| 000 | 00723cam a22002531 4500 | ||
|---|---|---|---|
| 008 | 851218s1936 fr 000 0 fre | ||
| 010 | _a 42043055 | ||
| 040 |
_aDLC _cICL _dDLC |
||
| 050 | 0 | 0 |
_aBD632 _b.N6 |
| 092 | 0 | 4 |
_a115 _bN778 _221 |
| 099 |
_a04 _a115 N778 |
||
| 100 | 1 | _aNogue, Jean. | |
| 245 | 1 | 0 |
_aEssai sur l'activitâe primitive du moi ... _cpar Jean Noguâe ... |
| 260 |
_aParis, _bF. Alcan, _c1936. |
||
| 300 |
_a3 p. l., 232 p. _c22 cm. |
||
| 500 | _aThesis/dissertation Univ. of Paris | ||
| 502 | _aThese--Univ. de Paris. | ||
| 650 | 0 | _aSpace and time. | |
| 902 | _a1 | ||
| 905 |
_aEman _eRev. |
||
| 905 |
_aJamal _eCat. |
||
| 942 |
_2ddc _cBK |
||
| 999 |
_c131481 _d131481 |
||